| 000 | 01891nam a2200145 4500 | ||
|---|---|---|---|
| 008 | 708 S122s | ||
| 020 | _a9789563932065 | ||
| 082 |
_a708 _bS122s |
||
| 100 |
_aCárdenas, Elisa, Wyskiel, Dagmara (editoras) _96314 |
||
| 245 |
_aSACO6: _bSexta semana de Arte Contemporáneo |
||
| 260 |
_aAntofagasta _bColectivo SE VENDE _c2017 |
||
| 300 |
_a191 _bill (col) _c20 x 14 cm |
||
| 505 |
_tAmor: decadencia y resistencia _tEl latin lover en los tiempos de crisis _rDagmara Wyskiel _tArtes visuales con sentido territorial e histórico _rElisa Cárdenas _tLa cultura capital social _rPatricio Vilaplana _tTerritorialidades _rVarinia Brodsky _tArte como sentimiento más elevado _tObras que cobran vida propia _rElisa Cárdenas _tEntrevistas con: Ana Mosquera, Adriana Ciudad, Nicholas Jackson, Paz Castañeda, Oscar Pabón, Lucía Warck-Meister, Fernando Foglino _tArchivo de la sequedad y umbrales complementarios _tParalelo de rebeldía _rDagmara Wyskiel _tHablar de amor _rMarcelo Mellado _tArte, desierto, convivencia _rAlejandra Villasmil _tPliegues de amor, despliegue de arte _rClaudio Pereira _tEn el Liceo _tEstímulos sostenibles: encuentros con las nuevas generaciones _rFrancisco Vergara _tAluvión visual _tEl eterno anhelo de lograr la madurez _rDagmara Wyskiel _tSeñales contemporáneas de lo local _rElisa Cárdenas _tUn espejo roto frente a la ciudad _rDagmara Wyskiel _tEfecto perimetral _rVania Caro _tPolvo eres _rDagmara Wyskiel _t1/8 por el todo _rMaría Irene Alcalde _tLa punta del iceberg en el desierto _rPilar Elgueta _tEl baúl del pasado como llave a lo contemporáneo _rCarolina Contreras _tEl el marco de SACO6 _tAnónima. Entrevista con Ximena Zomosa _tSiguiendo las huellas _rJulia Poplawska _tPensando SACO como acto de resistencia _rMarcos Figueroa _tColectivo se vende: una memoria |
||
| 650 |
_xarte contemporáneo _xarte exhibiciones _xarte amor _xarte decadencia _xarte resistencia _xChile _xjulio/setiembre 2017 _96315 |
||
| 999 |
_c1460 _d1460 |
||